Quizz Pays - Culture Générale - Statistiques

Statistiques générales
  • Ce quiz a été pris 480 fois
  • Le résultat moyen est 10 sur 20
Statistiques - réponses
Hint Réponse % Correct
Quel est le plus grand pays du monde en superficie ? Russie
100%
Quel pays est à cheval sur l'Europe et l'Asie et possède Iakoutsk et Sotchi ? Russie
100%
Quel est le plus petit pays du monde ? Vatican
80%
Quel pays forme la plus longue frontière du monde avec les États-Unis ? Canada
67%
Quel est le seul pays d'Amérique du Sud qui n'a aucune frontière avec le Brésil ? Chili
67%
Quel pays est le seul au monde à avoir un drapeau non rectangulaire ? Népal
63%
Quel pays d’Asie est enclavé et entouré uniquement par l’Inde et la Chine ? Népal
63%
Quel est le seul pays du monde qui commence par la lettre O ? Oman
57%
Quel pays possède le plus grand nombre de fuseaux horaires ? France
52%
Quel est le pays le plus peuplé d’Afrique ? Nigeria
49%
Quel pays africain est totalement enclavé dans un seul pays Lesotho
47%
Quel pays est entièrement entouré par l’Afrique du Sud ? Lesotho
47%
Quel pays d’Europe du Nord possède des fjords et une frontière avec la Russie ? Norvège
43%
Quel pays d’Europe n’a aucune frontière terrestre avec un autre État ? Islande
41%
Quel est le seul pays du monde entièrement situé sur deux continents mais reconnu comme européen ? Chypre
36%
Quel pays est l’unique monarchie absolue d’Afrique ? Eswatini
18%
Quel est le pays le plus récent à avoir rejoint l’ONU (créé en 2011) ? Soudan du Sud
18%
Quel pays est le seul hispanophone en Afrique ? Guinée équatoriale
14%
Quel pays est composé uniquement d’atolls et d’îles coralliennes menacées par la montée des eaux ? Kiribati
10%
Quel est le seul pays d’Europe ayant une côte sur la mer Caspienne ? Azerbaïdjan
9%
Aucun quiz correspondant
Distribution des résultats
% des personnes avec chaque résultat
Percentile par nombre de réponses
Votre historique - résultats
Vous n’avez pas pris ce quiz